00641nam a2200229Ia 4500008004100000020001800041040000600059041001200065082001100077082001100088100001800099245001800117245009100135260001400226260002800240260000900268300005500277300001000332365002500342501002800367650001600395141004s9999 xx 000 0 und d a0 04 572021 5 ca aEnglish a306.08 bARC/HA aW.G. Archer cW.G. Archer 4aThe hill of flutes : Life, love and poetry in tribal India- A portrait of the santals aNew Delhi bS. Chand & CO (PVT) LTD c1974 a375 p.  b24 cm aRs.100.00  aKAUCOF  aThe santals